[Event "38th ch-IND w 2011"]
[Site "Chennai IND"]
[Date "2011.10.30"]
[Round "2"]
[White "Harini,S"]
[Black "Madhurima,S"]
[Result "1-0"]
[WhiteElo "2055"]
[BlackElo "1906"]

1.e4 e6 2.d4 d5 3.Nc3 Nf6 4.e5 Nfd7 5.f4 c5 6.Nf3 Nc6 7.Be3 a6 8.Qd2 b5 9.a3 Qb6
10.Nd1 b4 11.axb4 Qxb4 12.c3 Qb6 13.Qf2 Be7 14.Be2 O-O 15.O-O a5 16.g4 f6
17.Qg3 fxe5 18.fxe5 Bb7 19.Qh3 cxd4 20.Bd3 g6 21.cxd4 Qb3 22.Bxg6 hxg6 23.Qh6 Qd3
24.Nf2 Qe2 25.Qxg6+ Kh8 26.Bh6 Rg8 27.Qh5 Rg7 28.Bxg7+ Kxg7 29.Ng5 Bxg5 30.Qxg5+ Kh7
31.Ra3  1-0

[Event "World Youth U16 Ol"]
[Site "Kocaeli TUR"]
[Date "2011.10.30"]
[Round "9.14"]
[White "Emiroglu,C"]
[Black "Bajarani,U"]
[Result "1/2-1/2"]
[WhiteElo "2242"]
[BlackElo "2434"]

1.e4 e6 2.d4 d5 3.Nc3 Nf6 4.e5 Nfd7 5.f4 c5 6.Nf3 Nc6 7.Be3 Be7 8.Qd2 O-O
9.Be2 b6 10.O-O Bb7 11.Nd1 cxd4 12.Nxd4 Nc5 13.Nf2 f5 14.b4 Nxd4 15.Bxd4 Ne4
16.Nxe4 dxe4 17.a3 Rc8 18.c4 Rc7 19.Rfd1 g5 20.Be3 Qxd2 21.Rxd2 gxf4 22.Bxf4 Rfc8
23.Be3 Ba6 24.Rc1 Bf8 25.Rdc2 Bb7 26.Kf2 Bg7 27.Bf4 a5 28.c5 axb4 29.axb4 Bf8
30.Bc4 Bd5 31.cxb6 Rxc4 32.Rxc4 Bxc4 33.b5 Bc5+ 34.Be3 Bxb6 35.Bxb6 f4  1/2-1/2

[Event "19th Skopje Open"]
[Site "Skopje MKD"]
[Date "2011.10.30"]
[Round "7"]
[White "Mitkovski,Z"]
[Black "Dinev,De"]
[Result "0-1"]
[WhiteElo "2174"]
[BlackElo "2398"]

1.e4 e6 2.d4 d5 3.Nc3 Nf6 4.e5 Nfd7 5.f4 c5 6.Nf3 Nc6 7.Be3 a6 8.Ne2 Be7
9.c3 b6 10.h4 h5 11.f5 exf5 12.Nf4 Nf8 13.dxc5 Bxc5 14.Bxc5 bxc5 15.Nxd5 Be6
16.Nf4 Qxd1+ 17.Rxd1 Bxa2 18.Ra1 Ne6 19.Nxe6 Bxe6 20.Rxa6 Kd7 21.Kd2 Kc7
22.Rxa8 Rxa8 23.Bd3 Rb8 24.Kc1 g6 25.Re1 Bd5 26.Ng5 Re8 27.c4 Be6 28.g3 Re7
29.Kc2 Bc8 30.Nf3 Bb7 31.Kc3 Nd8 32.Be2 Be4 33.Ng5 Bc6 34.Bf3 Bxf3 35.Nxf3 Nc6
36.b3 Kb6 37.Re2 Re8 38.Re1 Re6 39.Re2 Re8 40.Re1 Kc7 41.Re2 Kb6 42.Re1 Ra8
43.Re2 Ra7 44.Rd2 Ra1 45.Re2 Rf1 46.Ng5 Rg1 47.Nxf7 Rxg3+ 48.Kb2 Nd4 49.Rd2 Rxb3+
50.Ka2 Rg3 51.Ng5 Re3 52.Nf7 f4 53.Rg2 Rg3 54.Rb2+ Kc6 55.Nd8+ Kc7 56.Nb7 Ne6
57.Nd6 Kc6 58.Nc8 Nd4 59.Ne7+ Kd7 60.Nd5 f3 61.Rb7+ Ke6 62.Kb2 Kxe5  0-1

[Event "38th ch-IND w 2011"]
[Site "Chennai IND"]
[Date "2011.10.31"]
[Round "3"]
[White "Kiran,M"]
[Black "Mahalakshmi,M"]
[Result "1-0"]
[WhiteElo "2213"]
[BlackElo "1954"]

1.e4 e6 2.d4 d5 3.Nc3 Nf6 4.e5 Nfd7 5.f4 c5 6.Nf3 Nc6 7.Be3 cxd4 8.Nxd4 Bc5
9.Qd2 O-O 10.O-O-O a6 11.Qf2 Nxd4 12.Bxd4 Qc7 13.Bd3 Bxd4 14.Qxd4 Qc5 15.Ne2 b5
16.Kb1 Qxd4 17.Nxd4 Nc5 18.Rhe1 Bd7 19.Kc1 b4 20.Kd2 Rfc8 21.Ra1 a5 22.Rec1 Bc6
23.c3 Bb7 24.Ke3 Na4 25.cxb4 axb4 26.Rxc8+ Bxc8 27.Rb1 Ba6 28.Bc2 Nb6 29.Nc6 d4+
30.Kxd4 Bb7 31.Nxb4 Bxg2 32.Ra1 Rd8+ 33.Kc5 Nd7+ 34.Kc4 Nb6+ 35.Kb3 Bd5+
36.Nxd5 Nxd5 37.a4 Nxf4 38.a5 Nd5 39.a6 Rb8+ 40.Kc4 Rc8+ 41.Kd4 f5 42.Bxf5 Nc7
43.Bd3 Rb8 44.Ra2 Rd8+ 45.Ke4 Nd5 46.a7 Nb6 47.Bb5 Rc8 48.Ra6 Na8 49.Bd7 Rc4+
50.Kd3 Rc7 51.Bxe6+ Kf8 52.Bd5 Rd7 53.Ke4  1-0

[Event "23rd Leuven Open"]
[Site "Leuven BEL"]
[Date "2011.11.10"]
[Round "1.5"]
[White "Allaert,D"]
[Black "Gergacz,A"]
[Result "0-1"]
[WhiteElo "2078"]
[BlackElo "2432"]

1.e4 e6 2.d4 d5 3.Nc3 Nf6 4.e5 Nfd7 5.f4 c5 6.Nf3 Nc6 7.Be3 a6 8.Qd2 b5 9.Be2 b4
10.Nd1 Qb6 11.O-O cxd4 12.Nxd4 Nxd4 13.Bxd4 Bc5 14.Bxc5 Qxc5+ 15.Kh1 O-O
16.Nf2 a5 17.a3 bxa3 18.Rxa3 Nb6 19.Rh3 f5 20.exf6 gxf6 21.Ng4 Ra7 22.Rh6 f5
23.Ne5 a4 24.Rf3 Rg7 25.Qc3 Qxc3 26.Rxc3 d4 27.Rc6 Nd5 28.Ba6 Bb7 29.Rcxe6 Ba8
30.Bc4 Ne3 31.Nc6 Nxc4 32.Ne7+ Kh8 33.Ng6+ Rxg6 34.Rexg6 Be4 35.Ra6 Rg8 36.Ra7 Rg7  0-1

[Event "2nd Brno Open"]
[Site "Brno CZE"]
[Date "2011.11.13"]
[Round "2"]
[White "Jares,J"]
[Black "Kopcil,Ondrej"]
[Result "1-0"]
[WhiteElo "2058"]
[BlackElo "1716"]

1.d4 Nf6 2.Nc3 e6 3.e4 d5 4.e5 Nfd7 5.f4 Bb4 6.Nf3 c5 7.Bd2 Nc6 8.Nb5 O-O
9.Bxb4 cxb4 10.Bd3 g6 11.Qd2 Qb6 12.Be2 f6 13.O-O-O a5 14.Qe1 fxe5 15.fxe5 Ne7
16.Nd6 Nf5 17.Nxf5 Rxf5 18.Bd3 Rh5 19.g4 Rh6 20.h4 Nf8 21.Qe3 Kg7 22.Qg5 Qc7
23.Qf6+ Kg8 24.Ng5 Qg7 25.Nf3 b6 26.g5 Rh5 27.Ng1 Ba6 28.Bxa6 Rxa6 29.Ne2 b5
30.Nf4 a4 31.Nxd5 Ra7 32.Qxg7+ Kxg7 33.Nf4 Re7 34.Rd3 Rf7 35.Nxh5+ gxh5 36.Kd1 Ng6
37.Rd2 Rf4 38.c3 bxc3 39.bxc3 a3 40.Kc2 Nxh4 41.Rdh2  1-0

[Event "TCh-HUN 2011-12"]
[Site "Budapest HUN"]
[Date "2011.11.13"]
[Round "3"]
[White "Gledura,B"]
[Black "Dudas,E"]
[Result "1-0"]
[WhiteElo "2227"]
[BlackElo "2212"]

1.e4 e6 2.d4 d5 3.Nc3 Nf6 4.e5 Nfd7 5.f4 c5 6.Nf3 Nc6 7.Be3 a6 8.Qd2 b5 9.a3 Qb6
10.Ne2 c4 11.g4 h5 12.gxh5 Rxh5 13.Ng3 Rh8 14.Bg2 Ne7 15.f5 exf5 16.O-O Bb7
17.Rae1 g6 18.Bf4 Bg7 19.Bg5 Nf8 20.Bxe7 Kxe7 21.Nxf5+ gxf5 22.Qg5+ Kd7 23.Qxg7 Rh7
24.Qg5 Qg6 25.e6+ Nxe6 26.Qxg6 fxg6 27.Rxe6 Kxe6 28.Ng5+ Kd6 29.Nxh7 Re8
30.Kf2 Rh8 31.Ng5 Rh5 32.Nf3 g5 33.h4 g4 34.Ne5 Rxh4 35.Kg3 Rh5 36.Rh1  1-0

[Event "TCh-HUN 2011-12"]
[Site "Heviz HUN"]
[Date "2011.11.13"]
[Round "3"]
[White "Erdelyi,Z"]
[Black "Dobos,J"]
[Result "1/2-1/2"]
[WhiteElo "2319"]
[BlackElo "2272"]

1.e4 e6 2.d4 d5 3.Nc3 Nf6 4.e5 Nfd7 5.f4 c5 6.Nf3 Nc6 7.Be3 cxd4 8.Nxd4 Bc5
9.Qd2 O-O 10.O-O-O Nxd4 11.Bxd4 a6 12.g3 b5 13.Ne2 a5 14.Bh3 Qc7 15.Rhe1 b4
16.f5 exf5 17.Nf4 Nb6 18.Nh5 Bxd4 19.Qxd4 Be6 20.Qf4 g6 21.g4 fxg4 22.Bxg4 f5
23.Bf3 gxh5 24.Rg1+ Kh8 25.Qh6 Qe7 26.Rg6 Bg8 27.Rxb6 Qxe5 28.Rb7 Rad8 29.Rg1 Rf7  1/2-1/2

[Event "5th Mediterranean Open"]
[Site "Rijeka CRO"]
[Date "2011.11.13"]
[Round "3.6"]
[White "Dimitrov,Pa"]
[Black "Berescu,A"]
[Result "1/2-1/2"]
[WhiteElo "2353"]
[BlackElo "2501"]

1.e4 e6 2.d4 d5 3.Nc3 Nf6 4.e5 Nfd7 5.f4 c5 6.Nf3 Nc6 7.Ne2 cxd4 8.Nexd4 Nc5
9.c3 Bd7 10.g3 Nxd4 11.Nxd4 Be7 12.Bg2 g6 13.O-O h5 14.h3 a5 15.Be3 Rc8 16.Qe2 Kf8
17.g4 hxg4 18.hxg4 Ne4 19.Rf3 Bc5 20.Raf1 Qb6 21.Re1 a4 22.a3 Ke7 23.Rh3 Rxh3
24.Bxh3 Rh8 25.Bg2 Kf8 26.Qc2 Kg8 27.Bxe4 dxe4 28.Kg2 Qd8 29.g5 Bxd4 30.cxd4 Bc6
31.Qc5 Kg7 32.Qc1 Rh4 33.Rh1 Qh8 34.Qe1 Rh5 35.Qd1 Rh4 36.Qe1 Rg4+ 37.Kf2 Rh4
38.Rxh4 Qxh4+ 39.Ke2 Qg4+ 40.Kd2 Bb5 41.Kc3 Qg2 42.Qf2 Qh1 43.Kb4 Bc6 44.Qg1 Qf3
45.Qe1 Qg2 46.Qf2 Qh1 47.Qg1 Qf3 48.Qe1 Qg2 49.Qf2 Qh1 50.Qg1 Qf3 51.Qe1  1/2-1/2

[Event "WYCC U14 Open"]
[Site "Caldas Novas BRA"]
[Date "2011.11.18"]
[Round "1"]
[White "Sadikhov,U"]
[Black "Mendez,Nicolas"]
[Result "1-0"]
[WhiteElo "2140"]
[BlackElo "1735"]

1.e4 e6 2.d4 d5 3.Nc3 Nf6 4.e5 Nfd7 5.f4 c5 6.Nf3 Nc6 7.Be3 a6 8.Qd2 b5 9.a3 Bb7
10.dxc5 Nxc5 11.Qf2 Nd7 12.Nd4 Rc8 13.Nxc6 Rxc6 14.Bd4 b4 15.axb4 Bxb4 16.Ra4 Bc5
17.Bd3 Qb6 18.Ne2 Rc7 19.O-O Bxd4 20.Qxd4 Qxd4+ 21.Nxd4 Nc5 22.Ra3 Nxd3 23.Rxd3 g6
24.Rb3 O-O 25.Ra1 Ra8 26.Ra5 Bc8 27.Kf2 Raa7 28.c3 Rab7 29.Rxb7 Rxb7 30.b4 Rc7
31.Ne2 Kf8 32.Ke3 Ke7 33.Kd2 Rc6 34.Nd4 Rb6 35.Rc5 Kd7 36.Nb3 Bb7 37.Ra5 Bc8
38.Kc2 h6 39.h4 Ke7 40.Kb2 Bd7 41.Rc5 Rc6 42.Ra5 Rb6 43.Nd4 Kd8 44.g4 Kc7
45.Kc2 Bb5 46.Nxb5+ axb5 47.Kd3 Rb8 48.Ra7+ Rb7 49.Ra8 Kd7 50.Rh8 Rc7 51.h5 Rc4
52.hxg6 fxg6 53.Rxh6 Rxf4 54.Rxg6 Rf3+ 55.Kd4 Rf4+ 56.Kc5 Rc4+ 57.Kxb5 Rxc3
58.Rg7+ Ke8 59.g5 d4 60.g6 d3 61.Rg8+ Ke7 62.Rd8 Rc8 63.Rxc8 d2 64.Rc7+ Kd8
65.Rc6  1-0

[Event "WYCC U14 Open"]
[Site "Caldas Novas BRA"]
[Date "2011.11.18"]
[Round "1"]
[White "Akhmetov,Ay"]
[Black "Esquivel,E"]
[Result "1-0"]
[WhiteElo "2158"]
[BlackElo "1745"]

1.e4 e6 2.d4 d5 3.Nc3 Nf6 4.e5 Nfd7 5.f4 a6 6.Nf3 c5 7.Be3 Nc6 8.dxc5 Bxc5
9.Bxc5 Nxc5 10.Bd3 h6 11.Qd2 b5 12.O-O O-O 13.Kh1 f5 14.exf6 Qxf6 15.Ne5 Bb7
16.Rae1 Nxe5 17.Rxe5 Rad8 18.Be2 g5 19.Bd3 Ne4 20.Qe2 gxf4 21.Bxe4 dxe4 22.Qg4+ Kh8
23.Rxe6 Qg5 24.Qh3 h5 25.Nxe4 Bxe4 26.Rxe4 Rde8 27.Qf3 Qg4 28.Rxe8 Rxe8 29.Qc3+ Kg8
30.h3 Qg3 31.Qd2 h4 32.Qxf4 Qxf4 33.Rxf4 Re2 34.Rxh4 Rxc2 35.Rb4 Rc5 36.a4  1-0

[Event "WYCC U14 Open"]
[Site "Caldas Novas BRA"]
[Date "2011.11.18"]
[Round "1"]
[White "Bellahcene,B"]
[Black "Villegas,Franco"]
[Result "1-0"]
[WhiteElo "2311"]
[BlackElo "1852"]

1.e4 e6 2.d4 d5 3.Nc3 Nf6 4.e5 Nfd7 5.f4 c5 6.Nf3 Nc6 7.Ne2 cxd4 8.Nexd4 a6
9.c3 Be7 10.Bd3 Qc7 11.O-O Nc5 12.Bc2 O-O 13.Be3 b6 14.Nxc6 Qxc6 15.Nd4 Qc7
16.Rf3 g6 17.Bf2 Ne4 18.Bxe4 dxe4 19.Re3 Bb7 20.Qe1 Qd7 21.Rd1 Rad8 22.Bh4 f6
23.Rd2 fxe5 24.fxe5 Bxh4 25.Qxh4 Qf7 26.Rf2 Qxf2+ 27.Qxf2 Rxf2 28.Kxf2 Rf8+
29.Ke2 Bd5 30.b3 b5 31.Ke1 Rf4 32.Re2 Rh4 33.Rc2  1-0

[Event "WYCC U16 Open"]
[Site "Caldas Novas BRA"]
[Date "2011.11.18"]
[Round "1"]
[White "Moncada Russo,B"]
[Black "Igambergenov,A"]
[Result "0-1"]
[WhiteElo "1822"]
[BlackElo "2259"]

1.e4 e6 2.d4 d5 3.Nc3 Nf6 4.e5 Nfd7 5.f4 c5 6.Nf3 Nc6 7.Be3 Be7 8.Be2 O-O
9.O-O f6 10.exf6 Nxf6 11.Ne5 cxd4 12.Bxd4 Nxd4 13.Qxd4 Nd7 14.Kh1 Qb6 15.Qxb6 Nxb6
16.Nb5 a6 17.Nd4 Bf6 18.Rad1 Na4 19.Bg4 Re8 20.Rb1 Nc5 21.Bf3 Nd7 22.Rfe1 Nxe5
23.fxe5 Bg5 24.Re2 b5 25.c3 Ra7 26.Kg1 Rc7 27.Rd1 Rc4 28.a3 Bd7 29.Kh1 Bd8
30.Nf5 Bc7 31.Ne3 Rc5 32.Bxd5 exd5 33.Nxd5 Rc4 34.Ne3 Bg4 35.Nxg4 Rxg4 36.e6 Rg6
37.e7 Bd6 38.Rde1 Kf7 39.Rf1+ Rf6 40.Rxf6+ gxf6  0-1

[Event "WYCC U14 Girls"]
[Site "Caldas Novas BRA"]
[Date "2011.11.18"]
[Round "1"]
[White "Haussernot,C"]
[Black "Zalimben,Maria Luz"]
[Result "1-0"]
[WhiteElo "2100"]
[BlackElo "1732"]

1.e4 e6 2.d4 d5 3.Nc3 Nf6 4.e5 Nfd7 5.f4 c5 6.Nf3 Nc6 7.Be3 a6 8.Qd2 b5 9.dxc5 Bxc5
10.Bxc5 Nxc5 11.Qf2 Qb6 12.Bd3 h6 13.O-O O-O 14.Ne2 Bb7 15.Ned4 Nd7 16.Kh1 Nxd4
17.Nxd4 Qc7 18.Rae1 Rac8 19.Qg3 Qc5 20.c3 b4 21.f5 Rfe8 22.f6 Qf8 23.Rf4 Kh8
24.fxg7+ Qxg7 25.Rg4 Qf8 26.cxb4 Re7 27.Qf4 f6 28.Rg6 fxe5 29.Rxh6+ Kg8 30.Qg4+ Rg7
31.Bh7+ Kh8 32.Bf5+  1-0

[Event "WYCC U18 Open"]
[Site "Caldas Novas BRA"]
[Date "2011.11.18"]
[Round "1"]
[White "Ten Hertog,H"]
[Black "Augoustis Funti,Alexis"]
[Result "1-0"]
[WhiteElo "2344"]
[BlackElo "1980"]

1.e4 e6 2.d4 d5 3.Nc3 Nf6 4.e5 Nfd7 5.f4 c5 6.Nf3 Nc6 7.Be3 Be7 8.Be2 O-O
9.O-O a6 10.Qd2 b5 11.a3 Qb6 12.Nd1 cxd4 13.Nxd4 Nxd4 14.Bxd4 Bc5 15.c3 a5
16.Ne3 Ba6 17.f5 Nxe5 18.f6 gxf6 19.Rxf6 Qc7 20.Raf1 Rfe8 21.Ng4  1-0

[Event "WYCC U14 Open"]
[Site "Caldas Novas BRA"]
[Date "2011.11.19"]
[Round "2"]
[White "Barros,C"]
[Black "Bluebaum,M"]
[Result "0-1"]
[WhiteElo "2116"]
[BlackElo "2403"]

1.e4 e6 2.d4 d5 3.Nc3 Nf6 4.e5 Nfd7 5.f4 c5 6.Nf3 Nc6 7.Be3 Be7 8.Qd2 O-O
9.Be2 b6 10.O-O-O c4 11.f5 b5 12.Nxb5 Rb8 13.Nd6 Bxd6 14.exd6 Nf6 15.c3 Qa5
16.a3 Ne4 17.Qc2 exf5 18.Bf4 Bd7 19.Ne5 Nxe5 20.dxe5 Ba4 21.Rxd5 Qb6 22.b3 Bxb3
23.Qb2 Qc6  0-1

[Event "TCh-BEL 2011-12"]
[Site "Belgium BEL"]
[Date "2011.11.20"]
[Round "4.8"]
[White "Klein,Fe"]
[Black "Laurent,B"]
[Result "1-0"]
[WhiteElo "2246"]
[BlackElo "2372"]

1.e4 e6 2.d4 d5 3.Nc3 Nf6 4.e5 Nfd7 5.f4 c5 6.Nf3 Nc6 7.Be3 Be7 8.Qd2 O-O
9.Be2 a6 10.O-O b5 11.a3 Qb6 12.Nd1 Bb7 13.c3 Na5 14.Qe1 Nb3 15.Rb1 f5 16.exf6 Nxf6
17.Nf2 a5 18.Bd1 c4 19.Ne5 b4 20.axb4 axb4 21.Nfg4 Qb5 22.Qh4 Qe8 23.Nxf6+ Bxf6
24.Qg4 Bxe5 25.fxe5 Rxf1+ 26.Kxf1 Bc6 27.Kg1 bxc3 28.bxc3 Qf7 29.h3 Be8 30.Bc2 Na1
31.Rf1 Qd7 32.Bb1 Nb3 33.h4 Bg6 34.Bxg6 hxg6 35.Qxg6 Ra1 36.Rxa1 Nxa1 37.h5 Qf7
38.Qxf7+ Kxf7 39.Kf2 Nb3 40.Kf3 Na5 41.Kg4 Nc6 42.Kg5 Ne7 43.g4 Ng8 44.Bc1 Nh6
45.Kh4 Ng8 46.Bg5 Ke8 47.Kg3 Kf7 48.Kf3 Ke8 49.Ke2 Kd7 50.Kd2 Kc6 51.Kc2 Kb5
52.Kb2 Ka5 53.Bd8+ Kb5 54.g5 Kc6 55.Bf6  1-0

[Event "WYCC U18 Girls"]
[Site "Caldas Novas BRA"]
[Date "2011.11.20"]
[Round "3"]
[White "Kaplan,E"]
[Black "Skrabakova,Katarina"]
[Result "1-0"]
[WhiteElo "1849"]
[BlackElo "2045"]

1.e4 e6 2.d4 d5 3.Nc3 Nf6 4.e5 Nfd7 5.f4 c5 6.Nf3 Nc6 7.Be3 a6 8.Qd2 Be7
9.Be2 b5 10.a3 Qb6 11.Nd1 c4 12.O-O a5 13.c3 Bb7 14.Ng5 Bxg5 15.fxg5 O-O
16.Rf3 b4 17.Rh3 Rfb8 18.Qe1 Ba6 19.Qh4 Nf8 20.Nf2 bxc3 21.bxc3 Qb2 22.Re1 Ne7
23.Ng4 Nf5 24.Qh5 g6 25.Nf6+ Kg7 26.Qf3 Qxc3 27.Qf2 Nxe3 28.Rxe3 Qxd4 29.Rf1 Qa7
30.Ng4 Qe7 31.Qh4 Nd7 32.Qh6+ Kh8 33.Rh3 f5 34.gxf6 Qf7 35.Qg5 Nf8 36.Nh6 Qc7
37.f7 Qd8 38.Qf4 Rb3 39.g3 Rab8 40.Ng8 d4 41.Nf6 d3 42.Bf3 Rb1 43.Rxh7+ Nxh7
44.Qh6  1-0

[Event "WYCC U14 Open"]
[Site "Caldas Novas BRA"]
[Date "2011.11.20"]
[Round "3"]
[White "Akhmetov,Ay"]
[Black "Melo Reda,Caique"]
[Result "1-0"]
[WhiteElo "2158"]
[BlackElo "1890"]

1.e4 e6 2.d4 d5 3.Nc3 Nf6 4.e5 Nfd7 5.f4 c5 6.Nf3 a6 7.Be3 Nc6 8.Qd2 b5 9.Bd3 Qb6
10.dxc5 Bxc5 11.Bxc5 Nxc5 12.Ne2 a5 13.Ned4 Nxd4 14.Nxd4 Ba6 15.Qe3 Rc8 16.O-O b4
17.f5 Nxd3 18.fxe6 Nc5 19.Rxf7 Nxe6 20.Re7+ Kxe7 21.Nf5+ Kd7 22.Qxb6 Rc6
23.Qa7+ Nc7 24.Rd1 Ra8 25.Qe3 Rf8 26.Nxg7 Ne6 27.Nxe6 Rxe6 28.Rxd5+ Ke8 29.h3 Rg8
30.Qa7 Bc8 31.Qc7  1-0

[Event "Femida Cup Women"]
[Site "Kharkiv UKR"]
[Date "2011.11.21"]
[Round "2"]
[White "Breslavska,G"]
[Black "Balaian,Ali"]
[Result "1-0"]
[WhiteElo "2201"]
[BlackElo "2206"]

1.e4 e6 2.d4 d5 3.Nc3 Nf6 4.e5 Nfd7 5.f4 c5 6.Nf3 Nc6 7.Be3 a6 8.Qd2 b5 9.Be2 Qb6
10.O-O cxd4 11.Nxd4 Bc5 12.Rad1 Bb7 13.Bf3 Rc8 14.Nce2 O-O 15.Kh1 b4 16.Bg1 Ndb8
17.f5 Nxe5 18.f6 gxf6 19.Qh6 Nbd7 20.Nf4 Rfe8 21.Nh5 Bf8 22.Nxf6+ Nxf6 23.Qxf6 Qc7
24.Bh5 Bg7 25.Qg5 Ng6 26.Rde1 Qd7 27.Qd2 a5 28.Be3 Ba6 29.Rf2 Qe7 30.Bg5 Qc5
31.Bf6 Qf8 32.h3 Bxf6 33.Rxf6 Qg7 34.Qf2 Rf8 35.Bg4 Rc7 36.Re3 Bb7 37.Ref3 Bc8
38.a3 Qh6 39.axb4 axb4 40.Kh2 e5 41.Bxc8 e4 42.Rg3 Rfxc8 43.Qf5 Rd8 44.Ne6 fxe6
45.Qxe6+ Kh8 46.Rfxg6 hxg6 47.Qf6+ Kh7 48.Qxd8 Qf4 49.Qxd5 Re7 50.Qc6 Rg7
51.Qc5 g5 52.Qe3 Qe5 53.c3 Kh6 54.cxb4 Rd7 55.h4 Rg7 56.hxg5+ Kh7 57.Kg1 Rd7
58.g6+ Kg7 59.Qc3 Rd1+ 60.Kf2 Rd4 61.b5 Kh6 62.Rh3+ Kxg6 63.Qg3+ Qxg3+ 64.Rxg3+ Kf5
65.Rb3 Rd2+ 66.Kf1 e3 67.b6 Ke4 68.b7 Rd1+ 69.Ke2 Rd2+ 70.Ke1 Rxg2 71.b8=Q Rg1+
72.Ke2 Rg2+ 73.Kf1 Rf2+ 74.Kg1 Kf3 75.Rxe3+  1-0

[Event "25th Belgrade Trophy"]
[Site "Obrenovac SRB"]
[Date "2011.11.24"]
[Round "1.49"]
[White "Videnova,I"]
[Black "Antonsson,Atli"]
[Result "1-0"]
[WhiteElo "2297"]
[BlackElo "1841"]

1.e4 e6 2.d4 d5 3.Nc3 Nf6 4.e5 Nfd7 5.f4 c5 6.Nf3 Nc6 7.Be3 a6 8.Qd2 b5 9.a3 Bb7
10.Ne2 c4 11.f5 h6 12.fxe6 fxe6 13.Nf4 Kf7 14.Qf2 Kg8 15.Nxe6 Qe7 16.Nf4 Ncxe5
17.Nxe5 Nxe5 18.dxe5 Qxe5 19.O-O-O b4 20.axb4 Bxb4 21.Ng6 Qe8 22.Nxh8 Qa4
23.c3 Qa1+ 24.Kc2 Qa4+ 25.Kd2 Rf8 26.Qg3 Qb3 27.cxb4 Qxb2+ 28.Ke1 Qxb4+ 29.Bd2 Re8+
30.Be2 Qe7 31.Qg4 Kxh8 32.Bc3 d4 33.Bxd4 Qb4+ 34.Kf2 Re7 35.Rhe1 Rf7+ 36.Bf3 Qf8
37.Re6 Kh7 38.Rde1 Bc8 39.Qg6+  1-0

[Event "Femida Cup Women"]
[Site "Kharkiv UKR"]
[Date "2011.11.25"]
[Round "6"]
[White "Andrenko,I"]
[Black "Romanova,I"]
[Result "1/2-1/2"]
[WhiteElo "2210"]
[BlackElo "2287"]

1.e4 e6 2.d4 d5 3.Nc3 Nf6 4.e5 Nfd7 5.f4 c5 6.Nf3 Nc6 7.Be3 a6 8.Qd2 b5 9.dxc5 Bxc5
10.Ne2 Bxe3 11.Qxe3 Qa5+ 12.Qd2 Qxd2+ 13.Kxd2 Nc5 14.Ned4 Ne4+ 15.Ke3 Na5
16.b3 Bd7 17.Bd3 Nc3 18.g4 Nb7 19.f5 exf5 20.gxf5 Nc5 21.Rhg1 g6 22.f6 O-O-O
23.Ng5 Rdf8 24.h4 h6 25.Ngf3 Kb7 26.a3 N5e4 27.Rae1 Re8 28.Ne2 Nxe2 29.Rxe2 Nxf6
30.Kd4 Nh5 31.Rf2 Nf4 32.Rg3 Bc6 33.Kc3 Nxd3 34.cxd3 Bd7 35.Nd4 Re7 36.Rf6 Rc8+
37.Kd2 Be8 38.Re3 Bd7 39.b4 Rce8 40.Nb3 Rxe5 41.Nc5+ Kc8 42.Rxe5 Rxe5 43.Rxf7 Be8
44.Rh7 h5 45.d4 Rf5 46.Rh8 Kd8 47.Ne6+ Kd7 48.Rxe8 Rf3 49.Ng7 Rxa3 50.Re5 Rh3
51.Rxd5+ Ke7 52.Re5+ Kf7 53.Ne6 Rxh4 54.Kd3 Rh1 55.Ng5+ Kg7 56.Re3 Rb1 57.Kc3 Kf6
58.Ne4+ Kf5 59.Nd2 Rc1+ 60.Kd3 h4 61.d5 Rc8 62.Kd4 g5 63.d6 g4 64.Re5+ Kf4
65.Re4+ Kf5 66.Re5+ Kf4 67.Re4+ Kf5 68.Re5+ Kf4 69.Re4+ Kf5 70.Re5+ Kf4  1/2-1/2

[Event "XII Puhajarve Handicap"]
[Site "Puhajarve EST"]
[Date "2011.11.25"]
[Round "27"]
[White "Lauk,U"]
[Black "Korchnoi,V"]
[Result "1/2-1/2"]
[WhiteElo "2394"]
[BlackElo "2567"]

1.e4 e6 2.d4 d5 3.Nc3 Nf6 4.e5 Nfd7 5.f4 c5 6.Nf3 Nc6 7.Be3 Be7 8.Qd2 a6
9.Be2 O-O 10.O-O f6 11.exf6 Nxf6 12.dxc5 Ng4 13.Rad1 Nxe3 14.Qxe3 Qa5 15.Kh1 Qxc5
16.Qd2 b5 17.Bd3 h6 18.Ne2 Bd7 19.Ned4 Nxd4 20.Nxd4 Rf6 21.Rf3 Raf8 22.Rdf1 Bd6
23.c3 Qc7 24.g3 Kh8 25.Bc2 Be8 26.Qd3 Bg6 27.Qe2 Bxc2 28.Qxc2 b4 29.Qe2 bxc3
30.bxc3 Qc8 31.Kg2 Bc5 32.Re1 Bxd4 33.cxd4 g5 34.Ref1 gxf4 35.Rxf4 Rxf4 36.Rxf4 Rxf4
37.Qe5+ Kh7 38.Qxf4 Qc2+ 39.Kh3 Kg6 40.Qg4+ Kf7 41.Qh5+ Kg7 42.Qg4+ Kf7  1/2-1/2

[Event "Malta Open"]
[Site "Bugibba MLT"]
[Date "2011.11.26"]
[Round "8.6"]
[White "Luther,T"]
[Black "Frisk,E"]
[Result "1-0"]
[WhiteElo "2521"]
[BlackElo "2184"]

1.e4 e6 2.d4 d5 3.Nc3 Nf6 4.e5 Nfd7 5.f4 c5 6.Nf3 Nc6 7.Be3 Be7 8.Qd2 O-O
9.Be2 a6 10.O-O b5 11.a3 Qb6 12.Nd1 a5 13.c3 Ba6 14.dxc5 Bxc5 15.b4 Bxe3+
16.Qxe3 Qxe3+ 17.Nxe3 Rfc8 18.a4 Rcb8 19.Rfb1 Ra7 20.Nc2 Ne7 21.axb5 Bxb5
22.Bxb5 Rxb5 23.Nfd4 Rbb7 24.bxa5 Rxb1+ 25.Rxb1 Ng6 26.Nc6 Rc7 27.N2d4 Nxf4
28.a6 f6 29.a7 Rxa7 30.Nxa7 fxe5 31.Ndb5 Nc5 32.Nc6 Ne4 33.Nxe5 Ne2+ 34.Kf1 Nd2+
35.Kxe2 Nxb1 36.Kd3  1-0

[Event "XXVII Silesian Cup"]
[Site "Legnica POL"]
[Date "2011.11.26"]
[Round "4"]
[White "Tomczak,J"]
[Black "Sieciechowicz,M"]
[Result "1/2-1/2"]
[WhiteElo "2544"]
[BlackElo "2441"]

1.e4 e6 2.d4 d5 3.Nc3 Nf6 4.e5 Nfd7 5.f4 c5 6.Nf3 Nc6 7.Be3 Be7 8.Qd2 O-O
9.Be2 b6 10.O-O f5 11.a3 Bb7 12.Rfd1 Rc8 13.dxc5 Nxc5 14.b4 Ne4 15.Nxe4 fxe4
16.Nd4 Nxd4 17.Bxd4 Bc6 18.Bg4 Qd7 19.c3 Bb5 20.Qe3 Rce8 21.Rd2 Bd8 22.Rf2 g6
23.Kh1 Rf7 24.Rg1 Be7 25.Bh3 Ref8 26.Qg3 Kh8 27.Bg4 Re8 28.Qh3 Bf8 29.f5 gxf5
30.Bxf5 Kg8  1/2-1/2

[Event "TCh-SVK Extraliga 2011-12"]
[Site "Slovakia SVK"]
[Date "2011.11.26"]
[Round "3"]
[White "Zagrapan,P"]
[Black "Bombek,P"]
[Result "0-1"]
[WhiteElo "2139"]
[BlackElo "2179"]

1.e4 e6 2.d4 d5 3.Nc3 Nf6 4.e5 Nfd7 5.Nf3 c5 6.Bb5 Nc6 7.O-O Qb6 8.Be3 Nxd4
9.Nxd4 cxd4 10.Bxd4 Bc5 11.Bxc5 Qxc5 12.Qg4 O-O 13.Bxd7 Bxd7 14.Rad1 Rad8
15.Rd3 f5 16.exf6 Rxf6 17.Rg3 Qf8 18.Qd4 b6 19.Re1 Kh8 20.Re5 Rf4 21.Qd2 Qf6
22.Reg5 g6 23.Nxd5 exd5 24.Rxd5 Rf8 25.Rxd7 Rxf2 26.Rxh7+ Kxh7  0-1

[Event "25th Belgrade Trophy"]
[Site "Obrenovac SRB"]
[Date "2011.11.28"]
[Round "5.40"]
[White "Videnova,I"]
[Black "Brakus,D"]
[Result "1-0"]
[WhiteElo "2297"]
[BlackElo "1989"]

1.e4 e6 2.d4 d5 3.Nc3 Nf6 4.e5 Nfd7 5.f4 c5 6.Nf3 Nc6 7.Be3 Qb6 8.Na4 Qa5+
9.c3 cxd4 10.b4 Nxb4 11.cxb4 Bxb4+ 12.Bd2 Bxd2+ 13.Nxd2 b6 14.Bd3 g5 15.O-O gxf4
16.Nf3 Nc5 17.Nxc5 bxc5 18.Ng5 h6 19.Qh5 hxg5 20.Qxh8+ Kd7 21.Qf8 c4 22.Qd6+  1-0

[Event "Final Russian Rapid GP"]
[Site "Apatity RUS"]
[Date "2011.12.02"]
[Round "1.1"]
[White "Shomoev,A"]
[Black "Nepomniachtchi,I"]
[Result "0-1"]
[WhiteElo "2578"]
[BlackElo "2730"]

1.e4 e6 2.d4 d5 3.Nc3 Nf6 4.e5 Nfd7 5.f4 c5 6.Nf3 Nc6 7.Be3 Be7 8.Qd2 O-O
9.dxc5 Bxc5 10.O-O-O Qa5 11.a3 Be7 12.Nb5 Qxd2+ 13.Rxd2 Nc5 14.Bd3 b6 15.Nbd4 Nxd4
16.Bxd4 Bd7 17.Kb1 Rac8 18.Re1 Rc7 19.g4 Rfc8 20.Be3 Nxd3 21.cxd3 b5 22.Rdd1 b4
23.axb4 Ba4 24.Rc1 Bc2+ 25.Ka2 Bxb4 26.Bd2 Bxd2 27.Nxd2 Bxd3 28.Rxc7 Rxc7
29.Re3 Bc2 30.Rc3 Rxc3 31.bxc3 Bd1 32.g5 h6 33.gxh6 gxh6 34.Nf1 Be2 35.Ng3 Bd3
36.Ka3 Kf8 37.Kb4 Ke7 38.Nh5 Kd7 39.Nf6+ Kc6 40.h4 a5+ 41.Kxa5 Kc5 42.Ne8 Bg6
43.Nd6 d4 44.cxd4+ Kxd4 45.f5 exf5 46.h5 Kxe5 47.hxg6 fxg6 48.Nc4+ Kd4 49.Kb4 h5
50.Nd2 f4 51.Kb3 Ke5  0-1

[Event "Ascona Gp B"]
[Site "Ascona SUI"]
[Date "2011.12.06"]
[Round "4.5"]
[White "Duport,N SUI"]
[Black "Foisor,M"]
[Result "0-1"]
[WhiteElo "2193"]
[BlackElo "2192"]

1.e4 e6 2.d4 d5 3.Nc3 Nf6 4.e5 Nfd7 5.f4 c5 6.Nf3 Nc6 7.Be3 Be7 8.Qd2 O-O
9.Be2 a6 10.O-O b5 11.a3 Qb6 12.Nd1 a5 13.c3 a4 14.Bd3 Na5 15.Qf2 Nb3 16.Rb1 Ba6
17.Kh1 Qc7 18.Qe2 Qb7 19.Nf2 b4 20.dxc5 bxa3 21.bxa3 Ndxc5 22.Bxc5 Bxc5 23.Ng5 h6
24.Nh7 Bxd3 25.Qxd3 Rfc8 26.Ng4 Be7 27.Rf3 Qa6 28.Nhf6+ Bxf6 29.exf6 Qxd3
30.Rxd3 Ra7 31.Rg3 Kh7 32.fxg7 Kxg7 33.f5 Rac7 34.f6+ Kg6 35.Rf1 Rxc3 36.Ne5+ Kh5
37.Nxf7 Nd2 38.Rxc3 Rxc3 39.g4+ Kh4 40.Rf4 Kh3 41.Kg1 Rc1+ 42.Kf2 Rf1+ 43.Ke3 Nc4+
44.Rxc4 dxc4 45.g5 hxg5 46.Nxg5+ Kg4 47.Nxe6 Re1+  0-1

[Event "2nd JAHV McGregor Open"]
[Site "Bogota COL"]
[Date "2011.12.06"]
[Round "1"]
[White "Rosero,H"]
[Black "Montenegro,Ju"]
[Result "0-1"]
[WhiteElo "1559"]
[BlackElo "2144"]

1.e4 e6 2.d4 d5 3.Nc3 Nf6 4.e5 Nfd7 5.f4 c5 6.Be3 Nc6 7.Nf3 cxd4 8.Nxd4 Bc5
9.Qd2 a6 10.Be2 O-O 11.O-O Nxd4 12.Bxd4 b5 13.Bxc5 Nxc5 14.Qd4 Qb6 15.Rad1 b4
16.Nb1 a5 17.Nd2 Ba6 18.Bxa6 Rxa6 19.Nb3 Rc8 20.Nxc5 Rxc5 21.Rf2 Qb5 22.h3 Rac6
23.Rdd2 Qa4 24.a3 g6 25.axb4 Rc4 26.Qd3 Qxb4 27.c3 Qb6 28.Qg3 a4 29.Rd3 Qc5
30.Kf1 a3 31.bxa3 Qxa3 32.Rff3 Rb6 33.Qe1 Rb3 34.Kg1 Qa4 35.Qg3 Rb1+ 36.Kh2 Qa1
37.Qg5 Rh1+ 38.Kg3 Rc8 39.f5 Qe1+ 40.Kg4 h5+ 41.Kf4 Qe4+ 42.Kg3 Qxe5+ 43.Rf4 exf5
44.Rf3 Qe1+ 45.Rf2 Rxc3+ 46.Kh4 Rc4 47.Qd8+ Kg7 48.Kg5 Qe5 49.R2f3 f6+ 50.Kh4 Rxf4+
51.Rxf4 Qxf4+ 52.g4 Qf2+  0-1